| 000 | 00549nam a2200193 u 4500 | ||
|---|---|---|---|
| 005 | 20210223130528.0 | ||
| 008 | 080623s2006 es r 000 0 spa d | ||
| 020 | _a8421697269 | ||
| 035 | _aUPN01000157317 | ||
| 049 | _aI | ||
| 050 | 4 |
_aPZ74.9 _bA4.2 |
|
| 100 | 1 |
_aAlcántara, Ricardo, _d1946- _930578 |
|
| 245 | 1 | 3 |
_aEl gigante Ruperto / _cRicardo Alcántara ; il. Maylee. |
| 260 |
_aMadrid : _bBruño, _c2006. |
||
| 300 |
_a29 p. : _bil. col. |
||
| 440 | 0 | _aChiqui cuentos | |
| 650 | 4 |
_aCUENTOS INFANTILES URUGUAYOS _911547 |
|
| 905 | _aInfantil | ||
| 999 |
_c129431 _d129431 |
||